000 00512nam a2200193 a 4500
001 1770904870407
003 YourLibrary
005 20260212193258.0
008 260212s2002##################000#0#eng##
020 _a9780521804691
082 0 4 _a306.461
_bWHY
100 1 _aWhyte, Susan Reynolds,
_eauthor.
245 1 0 _aSocial Lives of Medicines :
260 _bCambridge University Press,
_c2002.
300 _a212 pages
650 0 _aMedical.
942 _cENGLISH
040 _aYourLibrary
_beng
_cYourLibrary
999 _c612124
_d612124